| 000 | 00548nam a2200205 4500 | ||
|---|---|---|---|
| 003 | OSt | ||
| 005 | 20260530115308.0 | ||
| 008 | 260508b1976 |||abd|| |||| 001 0 spa d | ||
| 020 | _a9781936504398 | ||
| 040 |
_aICI _bspa _cICI |
||
| 050 |
_aRA967.8 _bA53 |
||
| 100 | 1 |
_aAmerican Hospital Association _932327 |
|
| 245 | 1 | 0 | _aManual de Ingeniería de Hospitales |
| 264 | 1 |
_bLIMUSA _c1976 _aMéxico |
|
| 300 | _a405 páginas | ||
| 336 |
_atexto _2rdacontent |
||
| 337 |
_asin medio _2rdamedia |
||
| 338 |
_avolumen _2rdacarrier |
||
| 942 |
_2lcc _cBK _n1 |
||
| 999 |
_c13190 _d13190 |
||